El legado de Kennedy / (Record no. 139852)

MARC details
000 -LEADER
campo de control de longitud fija 00620nam a2200193 4500
001 - NÚMERO DE CONTROL
campo de control 139852
003 - IDENTIFICADOR DE NÚMERO DE CONTROL
campo de control ES-MaACL
005 - FECHA Y HORA DE LA ÚLTIMA TRANSACCIÓN
campo de control 20250830103943.0
007 - CAMPO FIJO DE DESCRIPCIÓN FÍSICA--INFORMACIÓN GENERAL
campo de control de longitud fija t|
008 - DATOS DE LONGITUD FIJA--INFORMACIÓN GENERAL
campo de control de longitud fija 070214s1964 sp r ||||1| spa d
100 1# - ENTRADA PRINCIPAL--NOMBRE DE PERSONA
Nombre de persona Schlesinger, Arthur M. (
Fechas asociadas al nombre 1917-2007)
9 (RLIN) 104410
245 13 - MENCIÓN DEL TÍTULO
Título El legado de Kennedy /
Mención de responsabilidad, etc. por Arthur M. Schlesinger, Jr.
260 ## - PUBLICACIÓN, DISTRIBUCIÓN, ETC.
Lugar de publicación, distribución, etc. Madrid :
Nombre del editor, distribuidor, etc. Servicio de Información de los E. E. U. U.,
Fecha de publicación, distribución, etc. 1964.
300 ## - DESCRIPCIÓN FÍSICA
Extensión 8 h. ;
Dimensiones 21 cm.
710 1# - ENTRADA AGREGADA--NOMBRE DE ENTIDAD CORPORATIVA
Nombre de entidad corporativa o nombre de jurisdicción como elemento de entrada Estados Unidos.
Unidad subordinada Embassy (España)
9 (RLIN) 4025
852 ## - LOCALIZACIÓN
Ubicación ES-MaACL
Número de control de estantería 2040-F-18
Sublocalización o colección R.55378
852 ## - LOCALIZACIÓN
Ubicación ES-MaACL
Número de control de estantería 2040-F-17
Sublocalización o colección R.55639
Holdings
Estatus retirado Estado de pérdida Estado de daño No para préstamo Colección Biblioteca de origen Biblioteca actual Ubicación en estantería Fecha de adquisición Fuente de adquisición Total de préstamos Signatura topográfica completa Código de barras Visto por última vez Precio de reemplazo Tipo de ítem Koha
        Colección de folletos Biblioteca del Ateneo de Madrid Biblioteca del Ateneo de Madrid Depósito folletos 17/01/2008     2040-F-17 1145534 23/02/2023 23/02/2023 Folleto
        Colección de folletos Biblioteca del Ateneo de Madrid Biblioteca del Ateneo de Madrid Depósito folletos 17/01/2008     2040-F-18 1145533 23/02/2023 23/02/2023 Folleto